000 00926nam a2200253 a 4500
001 41633
003 BD-RjUL
005 20211209053426.0
008 160604s2001 i ||||| |||| 00| 0 ben d
020 _a8186946608
_c: IRs. 50.00
035 _a(BD-RjUL)41751
040 _aBD-RjUL
_bben
_cBD-RjUL
041 _aben
082 _223
_a294.30954
_bSIA 2001
100 _aসরকার, দীনেশচন্দ্র
_9127889
245 1 0 _aঅশোকের বাণী /
_cদীনেশচন্দ্র সরকার
250 _a২য় সং.
260 _aকোলকাতা :
_bসাহিত্যলোক,
_c২০০১
300 _a৯২ পৃ. ;
_c২৩ সেমি.
504 _aগ্রন্থপঞ্জি সংযুক্ত
650 _aবৌদ্ধ শিলালিপি
_zভারত
_9127890
650 _aBuddhist inscriptions
_zIndia
_9127891
942 _2ddc
_cBK
999 _c41633
_d41633